000 00542nam a22002177a 4500
003 UA-OsUOA
001 44970
007 ta
008 20110920b un ||||| |||| 00| 0 ukr d
100 _aMacintyre M.
090 _a94(5)
942 _cBK
040 _aUA-OsUOA
_bukr
_cUA-OsUOA
_dUA-OsUOA
245 _aThe Shogun Interitance. Japan and the Legacy of the Samurai
300 _a215 c. с.
955 _a4
041 _aukr
080 _a94(5)
650 7 _a9 Географія. Біографії. Історія
_2UDC
999 _c425071
_d425071